[Event "Warsaw YMCA Autumn-A 238th"]
[Site "Warsaw"]
[Date "2020.12.08"]
[Round "11"]
[White "Derylo, Kamil"]
[Black "Borowy, Cezary"]
[Result "0-1"]
[WhiteElo "1998"]
[BlackElo "1939"]
[PlyCount "72"]
[EventDate "2020.09.24"]
[EventType "swiss"]
[EventRounds "12"]
[EventCountry "POL"]
[SourceTitle "EXT 2022"]
[Source "ChessBase"]
[SourceDate "2021.10.06"]
[SourceVersion "1"]
[SourceVersionDate "2021.10.06"]
[SourceQuality "1"]

1. d4 Nf6 2. c4 g6 3. Nc3 Bg7 4. e4 d6 5. Be2 0-0 6. Be3 Nbd7 7. g4 e5 8. d5 Nc5 9. f3 a6 10. h4 b5 11. b4 Na4 12. Nxa4 bxa4 13. Qxa4 Ne8 14. h5 Bf6 15. Nh3 Bh4+ 16. Kd2 g5 17. c5 dxc5 18. bxc5 a5 19. Rab1 Bd7 20. c6 Bc8 21. Rb5 Nd6 22. Rxa5 Rb8 23. Kc2 h6 24. Rb1 Rxb1 25. Kxb1 f5 26. exf5 Nxf5 27. Bc5 Nd6 28. Bxd6 Qxd6 29. Qe4 Be1 30. Ra8 Kg7 31. Ra4 Qc5 32. Qg6+ Kh8 33. Qxh6+ Kg8 34. Qg6+ Kh8 35. Nxg5 Bf5+ 36. gxf5 Rb8+ 0-1

[Event "Warsaw YMCA Autumn-A 238th"]
[Site "Warsaw"]
[Date "2020.12.03"]
[Round "10"]
[White "Potocki, Karol"]
[Black "Borowy, Cezary"]
[Result "0-1"]
[WhiteElo "1857"]
[BlackElo "1939"]
[PlyCount "69"]
[EventDate "2020.09.24"]
[EventType "swiss"]
[EventRounds "12"]
[EventCountry "POL"]
[SourceTitle "EXT 2022"]
[Source "ChessBase"]
[SourceDate "2021.10.06"]
[SourceVersion "1"]
[SourceVersionDate "2021.10.06"]
[SourceQuality "1"]

1. d4 Nf6 2. Nf3 g6 3. c4 Bg7 4. Nc3 d6 5. Bg5 0-0 6. e3 Nbd7 7. Be2 c6 8. 0-0 h6 9. Bh4 g5 10. Bg3 Nh5 11. Qc2 Nxg3 12. hxg3 e5 13. Rfd1 Qe7 14. Rac1 f5 15. dxe5 Nxe5 16. Qd2 Nxf3+ 17. gxf3 Rd8 18. c5 d5 19. b4 Be6 20. Bd3 Qf7 21. a4 Qh5 22. Ne2 Qxf3 23. Nd4 Bxd4 24. exd4 Bd7 25. Be2 Qe4 26. Bh5 Qe7 27. Re1 Qf6 28. Rc3 Be8 29. Bd1 Bg6 30. f4 Re8 31. Rce3 Re4 32. Rxe4 dxe4 33. d5 Bf7 34. dxc6 bxc6 35. Qd4 0-1

[Event "Warsaw YMCA Autumn-A 238th"]
[Site "Warsaw"]
[Date "2020.10.08"]
[Round "3"]
[White "Liberadzki, Slawomir"]
[Black "Borowy, Cezary"]
[Result "1/2-1/2"]
[WhiteElo "1947"]
[BlackElo "1939"]
[PlyCount "59"]
[EventDate "2020.09.24"]
[EventType "swiss"]
[EventRounds "12"]
[EventCountry "POL"]
[SourceTitle "EXT 2022"]
[Source "ChessBase"]
[SourceDate "2021.10.06"]
[SourceVersion "1"]
[SourceVersionDate "2021.10.06"]
[SourceQuality "1"]

1. c4 Nf6 2. Nc3 g6 3. Nf3 Bg7 4. e4 d6 5. d4 0-0 6. Be2 e5 7. 0-0 Nbd7 8. h3 Re8 9. dxe5 Nxe5 10. Nxe5 dxe5 11. Be3 c6 12. Qc2 Be6 13. Rfd1 Qe7 14. a3 Nd7 15. b4 f5 16. f3 f4 17. Bf2 a6 18. Na4 g5 19. Nb6 Nxb6 20. Bxb6 h5 21. Qd3 Bf6 22. Qd6 Qxd6 23. Rxd6 Kf7 24. Rad1 Be7 25. R6d2 Rac8 26. Bc5 Red8 27. Rxd8 Rxd8 28. Rxd8 Bxd8 29. Bd6 Kf6 30. c5 1/2-1/2

[Event "Warsaw YMCA Winter-A 209th"]
[Site "Warsaw"]
[Date "2019.03.08"]
[Round "10"]
[White "Choroszej, Aleksander"]
[Black "Borowy, Cezary"]
[Result "1-0"]
[WhiteElo "2091"]
[BlackElo "1944"]
[PlyCount "39"]
[EventDate "2019.01.11"]
[EventType "swiss"]
[EventRounds "13"]
[EventCountry "POL"]
[SourceTitle "CBM 189 Extra"]
[Source "ChessBase"]
[SourceDate "2019.06.03"]
[SourceVersion "1"]
[SourceVersionDate "2019.06.03"]
[SourceQuality "1"]

1. d4 e6 2. c4 Nf6 3. Nc3 Bb4 4. f3 c5 5. d5 0-0 6. e4 b5 7. e5 Nh5 8. g3 bxc4 9. f4 exd5 10. Bg2 Nc6 11. Bxd5 g6 12. Nf3 Ng7 13. 0-0 Bb7 14. Ne4 Nf5 15. Nfg5 Kg7 16. g4 Nfe7 17. Nxf7 Rxf7 18. Bxf7 Nd4 19. Nd6 Bc6 20. f5 1-0

[Event "Warsaw YMCA Winter-A 209th"]
[Site "Warsaw"]
[Date "2019.02.20"]
[Round "7"]
[White "Borowy, Cezary"]
[Black "Kosny, Marek"]
[Result "1-0"]
[WhiteElo "1944"]
[BlackElo "1849"]
[PlyCount "77"]
[EventDate "2019.01.11"]
[EventType "swiss"]
[EventRounds "13"]
[EventCountry "POL"]
[SourceTitle "CBM 189 Extra"]
[Source "ChessBase"]
[SourceDate "2019.06.03"]
[SourceVersion "1"]
[SourceVersionDate "2019.06.03"]
[SourceQuality "1"]

1. c4 c5 2. Nf3 Nc6 3. d4 cxd4 4. Nxd4 g6 5. e4 Bg7 6. Be3 d6 7. Nc3 Nf6 8. Be2 0-0 9. f4 Bd7 10. 0-0 Nxd4 11. Bxd4 Bc6 12. Bf3 Nd7 13. Bxg7 Kxg7 14. Kh1 Qb6 15. b3 Qe3 16. Qc1 Qxc1 17. Raxc1 f5 18. g3 Nc5 19. Rce1 e5 20. exf5 Bxf3+ 21. Rxf3 Rxf5 22. b4 Ne6 23. Rfe3 Nd4 24. fxe5 Nc2 25. exd6 Nxe1 26. Rxe1 Rd8 27. c5 a5 28. a3 b6 29. Re7+ Rf7 30. Nd5 axb4 31. axb4 bxc5 32. bxc5 Kf8 33. Kg2 Rd7 34. Re5 Kg7 35. Nb6 Rd8 36. Rd5 Rf6 37. c6 Rfxd6 38. Rxd6 Rxd6 39. c7 1-0

[Event "Mazowiec-chT 1819"]
[Site "Warsaw"]
[Date "2019.02.17"]
[Round "4.2"]
[White "Jarmula, Pawel"]
[Black "Borowy, Cezary"]
[Result "1-0"]
[WhiteElo "2216"]
[BlackElo "1952"]
[PlyCount "39"]
[EventDate "2018.12.02"]
[EventType "team-tourn"]
[EventRounds "7"]
[EventCountry "POL"]
[SourceTitle "EXT 2020"]
[Source "ChessBase"]
[SourceDate "2019.10.17"]
[SourceVersion "1"]
[SourceVersionDate "2019.10.17"]
[SourceQuality "1"]

1. e4 c5 2. Nf3 g6 3. g3 Nc6 4. Bg2 Bg7 5. 0-0 d6 6. c3 e5 7. Na3 Nge7 8. Nc2 d5 9. exd5 Nxd5 10. d4 cxd4 11. cxd4 e4 12. Ne5 f5 13. f3 exf3 14. Qxf3 Nde7 15. Nxc6 bxc6 16. Bg5 0-0 17. Qb3+ Kh8 18. Bxc6 h6 19. Bxe7 Qxe7 20. Bxa8 1-0

[Event "Warsaw YMCA Winter-A 209th"]
[Site "Warsaw"]
[Date "2019.01.24"]
[Round "3"]
[White "Borowy, Cezary"]
[Black "Liberadzki, Slawomir"]
[Result "0-1"]
[WhiteElo "1944"]
[BlackElo "2013"]
[PlyCount "92"]
[EventDate "2019.01.11"]
[EventType "swiss"]
[EventRounds "13"]
[EventCountry "POL"]
[SourceTitle "CBM 189 Extra"]
[Source "ChessBase"]
[SourceDate "2019.06.03"]
[SourceVersion "1"]
[SourceVersionDate "2019.06.03"]
[SourceQuality "1"]

1. c4 e5 2. Nc3 Nc6 3. Nf3 Nf6 4. e4 Bc5 5. Nxe5 Nxe5 6. d4 Bb4 7. dxe5 Nxe4 8. Qf3 Nxc3 9. bxc3 Ba5 10. Qg3 Qe7 11. Be2 0-0 12. 0-0 d6 13. f4 f6 14. Ba3 Bb6+ 15. Kh1 fxe5 16. fxe5 Rxf1+ 17. Rxf1 Bd7 18. Bf3 Qxe5 19. Qxe5 dxe5 20. Bxb7 Re8 21. Bd5+ Kh8 22. Rf7 Ba4 23. c5 Ba5 24. c6 Bxc3 25. Rxc7 e4 26. Bxe4 Bc2 27. Rd7 Bxe4 28. c7 Bf6 29. Be7 Bxe7 30. Rxe7 Rf8 31. Rf7 Rg8 32. Rd7 Bf5 33. Rd8 a5 34. Kg1 g6 35. Kf2 Kg7 36. Ke3 Kf7 37. Kd4 Re8 38. Kc5 Ke7 39. Rxe8+ Kxe8 40. Kb6 Kd7 41. Kb7 Kd6 42. c8Q Bxc8+ 43. Kxc8 Kc5 44. Kb7 a4 45. Ka6 Kb4 46. Kb6 a3 0-1

[Event "Warsaw YMCA Spring-A 198th"]
[Site "Warsaw"]
[Date "2018.06.15"]
[Round "11"]
[White "Borowy, Cezary"]
[Black "Moskwinski, Marek"]
[Result "1/2-1/2"]
[WhiteElo "2013"]
[BlackElo "1855"]
[PlyCount "58"]
[EventDate "2018.04.06"]
[EventType "swiss"]
[EventRounds "12"]
[EventCountry "POL"]
[SourceTitle "EXT 2019"]
[Source "ChessBase"]
[SourceDate "2018.10.10"]
[SourceVersion "1"]
[SourceVersionDate "2018.10.10"]
[SourceQuality "1"]

1. c4 e5 2. Nc3 Nf6 3. Nf3 Nc6 4. e3 Bb4 5. Qc2 0-0 6. Nd5 Bc5 7. Ng5 g6 8. Nxf6+ Qxf6 9. Ne4 Qe7 10. Be2 f5 11. Nxc5 Qxc5 12. a3 a5 13. Qc3 a4 14. 0-0 d6 15. Rd1 e4 16. d4 exd3 17. Bxd3 Ne5 18. Bd2 Be6 19. Rac1 Ra6 20. Qc2 Nxd3 21. Qxd3 Rc6 22. Bb4 Bxc4 23. Qd2 Qb5 24. Bc3 Bb3 25. Qd4 Qe5 26. Qxe5 dxe5 27. Rd7 Re8 28. f4 exf4 29. exf4 Re2 1/2-1/2

[Event "Warsaw YMCA Spring-A 198th"]
[Site "Warsaw"]
[Date "2018.06.01"]
[Round "9"]
[White "Kaminski, Jan"]
[Black "Borowy, Cezary"]
[Result "1-0"]
[WhiteElo "1934"]
[BlackElo "2013"]
[PlyCount "87"]
[EventDate "2018.04.06"]
[EventType "swiss"]
[EventRounds "12"]
[EventCountry "POL"]
[SourceTitle "EXT 2019"]
[Source "ChessBase"]
[SourceDate "2018.10.10"]
[SourceVersion "1"]
[SourceVersionDate "2018.10.10"]
[SourceQuality "1"]

1. e4 c5 2. Nf3 g6 3. d4 cxd4 4. Nxd4 Nc6 5. c4 Nf6 6. Nc3 d6 7. Be2 Nxd4 8. Qxd4 Bg7 9. Be3 0-0 10. Qd2 a5 11. a4 Be6 12. f3 Nd7 13. 0-0 Rc8 14. b3 Nc5 15. Bd1 b6 16. Bc2 Qc7 17. Rad1 Rfd8 18. Nd5 Bxd5 19. exd5 e5 20. dxe6 fxe6 21. Bf4 Qf7 22. Rfe1 Bc3 23. Qxc3 Qxf4 24. Rd4 Qf6 25. Qd2 e5 26. Rg4 Ne6 27. h4 Nf4 28. Be4 Kh8 29. Rd1 Rc7 30. Qe3 Rc5 31. Kf1 Rd7 32. g3 Ne6 33. Qh6 Nf8 34. h5 Qg7 35. Qe3 Kg8 36. Bd5+ Kh8 37. Kg2 Qf6 38. hxg6 Nxg6 39. Rh1 Rg7 40. Qh6 Rcc7 41. Rh5 Rce7 42. Be4 Ref7 43. Rxg6 Rxg6 44. Qxg6 1-0

[Event "Warsaw YMCA Spring-A 198th"]
[Site "Warsaw"]
[Date "2018.04.19"]
[Round "3"]
[White "Borowy, Cezary"]
[Black "Tychulski, Krzysztof"]
[Result "1-0"]
[WhiteElo "2013"]
[BlackElo "1891"]
[PlyCount "87"]
[EventDate "2018.04.06"]
[EventType "swiss"]
[EventRounds "12"]
[EventCountry "POL"]
[SourceTitle "EXT 2019"]
[Source "ChessBase"]
[SourceDate "2018.10.10"]
[SourceVersion "1"]
[SourceVersionDate "2018.10.10"]
[SourceQuality "1"]

1. e4 c5 2. Nf3 d6 3. d4 cxd4 4. Nxd4 Nf6 5. Nc3 a6 6. Be3 e5 7. Nf3 Be7 8. Bc4 0-0 9. 0-0 Nbd7 10. a4 b6 11. Bd5 Rb8 12. Re1 Qc7 13. Nh4 g6 14. Nf3 Nh5 15. Bh6 Ng7 16. Ng5 Nc5 17. Qf3 Nce6 18. Qe3 Nd4 19. Qd3 b5 20. axb5 axb5 21. Rec1 b4 22. Ne2 Nxe2+ 23. Qxe2 Bxg5 24. Bxg5 Be6 25. Qd3 Bxd5 26. Qxd5 Ne6 27. Be3 Nc5 28. Rd1 Rfd8 29. Rd2 Kg7 30. f4 f6 31. Rad1 Re8 32. f5 Re7 33. Qc4 Na4 34. Qb3 Nc5 35. Qd5 Na4 36. Rb1 Rc8 37. Qb5 Qc6 38. Qxb4 Rb7 39. Qxd6 Qxd6 40. Rxd6 Rxc2 41. Rbd1 Nxb2 42. Rd7+ Rxd7 43. Rxd7+ Kg8 44. Bh6 1-0

[Event "Warsaw YMCA Winter 194th"]
[Site "Warsaw"]
[Date "2018.02.15"]
[Round "6"]
[White "Borowy, Cezary"]
[Black "Kosny, Marek"]
[Result "1-0"]
[WhiteElo "2027"]
[BlackElo "1852"]
[PlyCount "63"]
[EventDate "2018.01.04"]
[EventType "swiss"]
[EventRounds "10"]
[EventCountry "POL"]
[SourceTitle "EXT 2019"]
[Source "ChessBase"]
[SourceDate "2018.10.10"]
[SourceVersion "1"]
[SourceVersionDate "2018.10.10"]
[SourceQuality "1"]

1. e4 Nf6 2. e5 Nd5 3. d4 d6 4. c4 Nb6 5. exd6 cxd6 6. Nc3 g6 7. Be3 Bg7 8. Rc1 0-0 9. b3 Nc6 10. d5 Ne5 11. Be2 Ned7 12. Nf3 Nf6 13. Qd2 Re8 14. Bh6 Bh8 15. 0-0 Bg4 16. h3 Bxf3 17. Bxf3 Nbd7 18. Be4 Nh5 19. Be3 Ng7 20. f4 Nf6 21. Bb1 Qd7 22. f5 gxf5 23. Bd4 e5 24. dxe6 Rxe6 25. Bxf5 Nxf5 26. Rxf5 Re1+ 27. Rf1 Rxc1 28. Qxc1 Ne8 29. Qg5+ Bg7 30. Nd5 h6 31. Qxg7+ Nxg7 32. Nf6+ 1-0

[Event "Warsaw YMCA Winter 194th"]
[Site "Warsaw"]
[Date "2018.02.02"]
[Round "4"]
[White "Borowy, Cezary"]
[Black "Choroszej, Aleksander"]
[Result "1/2-1/2"]
[WhiteElo "2027"]
[BlackElo "2073"]
[PlyCount "65"]
[EventDate "2018.01.04"]
[EventType "swiss"]
[EventRounds "10"]
[EventCountry "POL"]
[SourceTitle "EXT 2019"]
[Source "ChessBase"]
[SourceDate "2018.10.10"]
[SourceVersion "1"]
[SourceVersionDate "2018.10.10"]
[SourceQuality "1"]

1. e4 g6 2. d4 Bg7 3. Nc3 d6 4. Be3 a6 5. a4 Nf6 6. h3 0-0 7. g4 Nc6 8. Qd2 e5 9. dxe5 dxe5 10. g5 Qxd2+ 11. Bxd2 Nh5 12. Nd5 Nd4 13. 0-0-0 Be6 14. Ne2 c6 15. Nxd4 cxd5 16. Nxe6 fxe6 17. exd5 exd5 18. Bg2 e4 19. Be3 Rf5 20. h4 Nf4 21. Bxf4 Rxf4 22. Rxd5 Re8 23. Rd2 Bf8 24. Re2 Bc5 25. Rhe1 Bxf2 26. Rxe4 Rexe4 27. Rxe4 Rxe4 28. Bxe4 b6 29. h5 gxh5 30. g6 hxg6 31. Bxg6 h4 32. Bd3 a5 33. Kd1 1/2-1/2

[Event "Warsaw YMCA Winter 194th"]
[Site "Warsaw"]
[Date "2018.01.25"]
[Round "3"]
[White "Borowy, Cezary"]
[Black "Delega, Tomasz"]
[Result "1/2-1/2"]
[WhiteElo "2027"]
[BlackElo "1940"]
[PlyCount "77"]
[EventDate "2018.01.04"]
[EventType "swiss"]
[EventRounds "10"]
[EventCountry "POL"]
[SourceTitle "EXT 2019"]
[Source "ChessBase"]
[SourceDate "2018.10.10"]
[SourceVersion "1"]
[SourceVersionDate "2018.10.10"]
[SourceQuality "1"]

1. e4 d6 2. d4 Nf6 3. Nc3 c6 4. g3 Qa5 5. Bg2 e5 6. Nge2 Nbd7 7. 0-0 Be7 8. h3 b5 9. Be3 Bb7 10. f4 0-0 11. g4 b4 12. Nb1 Qc7 13. Ng3 exd4 14. Bxd4 c5 15. Be3 Nb6 16. Nd2 Rfe8 17. g5 Nfd7 18. Nf5 Bf8 19. Qg4 Kh8 20. Rad1 a5 21. h4 d5 22. e5 d4 23. Bf2 Nd5 24. Nc4 N7b6 25. Ncd6 Ba6 26. Nxe8 Rxe8 27. Be4 Bxf1 28. Rxf1 Qd7 29. Qf3 Rd8 30. Rd1 Ne7 31. Nxe7 Qxe7 32. b3 Qe6 33. Kg2 f6 34. Qh5 f5 35. Bd3 Qd5+ 36. Qf3 g6 37. Be1 Qxf3+ 38. Kxf3 a4 39. Bd2 1/2-1/2

[Event "Mazowiec-chT 1718"]
[Site "Warsaw"]
[Date "2017.12.03"]
[Round "2.1"]
[White "Borowy, Cezary"]
[Black "Gawronski, Miroslaw"]
[Result "1/2-1/2"]
[WhiteElo "2027"]
[BlackElo "2050"]
[PlyCount "121"]
[EventDate "2017.12.03"]
[EventType "team-tourn"]
[EventRounds "10"]
[EventCountry "POL"]
[SourceTitle "EXT 2020"]
[Source "ChessBase"]
[SourceDate "2019.10.17"]
[SourceVersion "1"]
[SourceVersionDate "2019.10.17"]
[SourceQuality "1"]

1. e4 c5 2. Nf3 e6 3. d4 cxd4 4. Nxd4 a6 5. Bd3 Qc7 6. 0-0 Nf6 7. Qe2 h5 8. Nd2 b5 9. N2f3 Bb7 10. e5 Nd5 11. Bd2 d6 12. Rfe1 Nc6 13. exd6 Qxd6 14. Nxc6 Qxc6 15. Rac1 Be7 16. c4 bxc4 17. Bxc4 Bf6 18. Ne5 Qd6 19. Bb5+ Kf8 20. Nd7+ Ke7 21. Nxf6 gxf6 22. Bd3 Rag8 23. Be4 f5 24. Bf3 h4 25. Be3 Ke8 26. Bc5 Qf4 27. Rc4 Qb8 28. Qd1 Qa8 29. Qa4+ Kd8 30. Rxh4 Bc6 31. Rxh8 Rxh8 32. Qd4 Kd7 33. Qg7 Qg8 34. Qxg8 Rxg8 35. b4 Nxb4 36. Bxc6+ Nxc6 37. Rb1 Kc7 38. g3 Rg4 39. h4 f4 40. Kg2 fxg3 41. fxg3 Rc4 42. Bb6+ Kd6 43. Rb2 f5 44. Rd2+ Ke7 45. Be3 Ne5 46. Bg5+ Kf7 47. h5 Rc8 48. Rb2 Ng4 49. Rb7+ Kg8 50. Rd7 e5 51. Rd8+ Rxd8 52. Bxd8 Kg7 53. Bg5 Nf6 54. h6+ Kg6 55. Bxf6 Kxf6 56. g4 Kg6 57. g5 a5 58. Kf3 a4 59. a3 e4+ 60. Kf4 Kh7 61. Kg3 1/2-1/2

[Event "Mazowiec-chT 1617"]
[Site "Warsaw"]
[Date "2017.02.05"]
[Round "9.12"]
[White "Borowy, Cezary"]
[Black "Szymczak, Rafal"]
[Result "1/2-1/2"]
[WhiteElo "2019"]
[BlackElo "2014"]
[PlyCount "47"]
[EventDate "2016.12.11"]
[EventType "team-tourn"]
[EventRounds "10"]
[EventCountry "POL"]
[SourceTitle "EXT 2019"]
[Source "ChessBase"]
[SourceDate "2018.10.10"]
[SourceVersion "1"]
[SourceVersionDate "2018.10.10"]
[SourceQuality "1"]

1. e4 c6 2. d4 d5 3. exd5 cxd5 4. c4 Nf6 5. Nc3 Nc6 6. Bg5 e6 7. Nf3 Be7 8. c5 Ne4 9. Bxe7 Nxc3 10. bxc3 Qxe7 11. Bb5 Bd7 12. 0-0 0-0 13. Re1 b6 14. c4 bxc5 15. Qa4 Qd6 16. dxc5 Qc7 17. cxd5 exd5 18. Qh4 Rae8 19. Qh5 Nb4 20. Bxd7 Qxd7 21. Red1 Rd8 22. Nd4 Rfe8 23. Qf3 Nc6 24. Nxc6 1/2-1/2

[Event "Mazowiec-chT 1617"]
[Site "Warsaw"]
[Date "2017.01.15"]
[Round "6.18"]
[White "Borowy, Cezary"]
[Black "Zbrzeski, Piotr"]
[Result "1-0"]
[WhiteElo "2019"]
[BlackElo "1786"]
[PlyCount "87"]
[EventDate "2016.12.11"]
[EventType "team-tourn"]
[EventRounds "10"]
[EventCountry "POL"]
[SourceTitle "EXT 2019"]
[Source "ChessBase"]
[SourceDate "2018.10.10"]
[SourceVersion "1"]
[SourceVersionDate "2018.10.10"]
[SourceQuality "1"]

1. e4 Nf6 2. Nc3 d5 3. e5 d4 4. exf6 dxc3 5. fxg7 cxd2+ 6. Bxd2 Bxg7 7. Qf3 e6 8. 0-0-0 Qf6 9. Qa3 Bh6 10. Nf3 Bxd2+ 11. Rxd2 Nd7 12. Bb5 c6 13. Bd3 Qe7 14. Qc3 Qf6 15. Qb4 b6 16. Qd6 Bb7 17. Be4 0-0-0 18. Bxc6 Nc5 19. Bxb7+ Kxb7 20. Qe5 Qxe5 21. Nxe5 Rxd2 22. Kxd2 f6 23. Nd3 Ne4+ 24. Ke3 Nd6 25. Rd1 Nc4+ 26. Ke2 Kc6 27. b3 Nd6 28. c4 Rg8 29. g3 Ne4 30. Ke3 Nd6 31. Nf4 Nf5+ 32. Ke2 Re8 33. Nh5 Rf8 34. g4 Nd6 35. Nf4 h6 36. f3 a5 37. Kf2 Re8 38. Re1 Kd7 39. Kg3 Re7 40. Kh4 f5 41. Ng6 Rg7 42. Nf8+ Kc6 43. Nxe6 Rg5 44. Nxg5 1-0

[Event "Mazowiec-chT 1617"]
[Site "Warsaw"]
[Date "2017.01.08"]
[Round "4.3"]
[White "Parol, Pola"]
[Black "Borowy, Cezary"]
[Result "1-0"]
[WhiteElo "2040"]
[BlackElo "2019"]
[PlyCount "79"]
[EventDate "2016.12.11"]
[EventType "team-tourn"]
[EventRounds "10"]
[EventCountry "POL"]
[SourceTitle "EXT 2019"]
[Source "ChessBase"]
[SourceDate "2018.10.10"]
[SourceVersion "1"]
[SourceVersionDate "2018.10.10"]
[SourceQuality "1"]

1. e4 d5 2. exd5 Qxd5 3. Nc3 Qa5 4. d4 Nf6 5. Nf3 c6 6. Bc4 Bf5 7. 0-0 e6 8. Bf4 Be7 9. h3 0-0 10. Qe2 Nd5 11. Nxd5 cxd5 12. Bd3 Bxd3 13. Qxd3 Nc6 14. c3 Bf6 15. Rfe1 b5 16. a3 Qb6 17. b4 Rfc8 18. Nd2 Nb8 19. Nb3 Nd7 20. Rec1 Bd8 21. a4 bxa4 22. Rxa4 Qb7 23. Bd6 Nb6 24. Ra2 Nc4 25. Bc5 a5 26. Rca1 axb4 27. cxb4 Bb6 28. Rxa8 Rxa8 29. Rxa8+ Qxa8 30. Bxb6 Nxb6 31. Qb5 Qd8 32. Na5 h6 33. Qc6 Qc8 34. Qd6 Qc3 35. Nc6 Nc4 36. Qb8+ Kh7 37. Ne7 h5 38. Qg8+ Kh6 39. Qh8+ Kg5 40. Qxg7+ 1-0

[Event "Warsaw YMCA Autumn-A 174th"]
[Site "Warsaw"]
[Date "2016.11.25"]
[Round "10"]
[White "Borowy, Cezary"]
[Black "Celinski, Kamil"]
[Result "1-0"]
[WhiteElo "2019"]
[BlackElo "1918"]
[PlyCount "71"]
[EventDate "2016.09.23"]
[EventType "tourn"]
[EventRounds "13"]
[EventCountry "POL"]
[SourceTitle "EXT 2018"]
[Source "ChessBase"]
[SourceDate "2017.10.13"]
[SourceVersion "1"]
[SourceVersionDate "2017.10.13"]
[SourceQuality "1"]

1. e4 e5 2. Nf3 Nc6 3. d4 exd4 4. Nxd4 Nf6 5. Nxc6 bxc6 6. Qe2 a5 7. e5 Nd5 8. c4 Ba6 9. Nd2 Nf4 10. Qe4 Ne6 11. Bd3 Qe7 12. Bc2 Qc5 13. 0-0 g6 14. b3 Bg7 15. Nf3 d5 16. exd6 cxd6 17. Be3 d5 18. Qxe6+ fxe6 19. Bxc5 Bxa1 20. Rxa1 dxc4 21. Re1 0-0-0 22. Rxe6 cxb3 23. Bxb3 Kc7 24. Ne5 Rhe8 25. Rxc6+ Kb7 26. Rb6+ Kc7 27. f4 Bb7 28. Be3 g5 29. Rh6 gxf4 30. Bxf4 Rd4 31. Rxh7+ Kc8 32. g3 a4 33. Bc2 Rf8 34. Nf7 Bd5 35. Nd6+ Kd8 36. Bg5+ 1-0

[Event "Warsaw YMCA Autumn-A 174th"]
[Site "Warsaw"]
[Date "2016.11.04"]
[Round "7"]
[White "Kasperkiewicz, Pawel"]
[Black "Borowy, Cezary"]
[Result "1/2-1/2"]
[WhiteElo "1908"]
[BlackElo "2019"]
[PlyCount "116"]
[EventDate "2016.09.23"]
[EventType "tourn"]
[EventRounds "13"]
[EventCountry "POL"]
[SourceTitle "EXT 2018"]
[Source "ChessBase"]
[SourceDate "2017.10.13"]
[SourceVersion "1"]
[SourceVersionDate "2017.10.13"]
[SourceQuality "1"]

1. c4 Nf6 2. Nf3 c6 3. d4 d5 4. cxd5 cxd5 5. Nc3 Nc6 6. Bf4 Qb6 7. Na4 Qa5+ 8. Bd2 Qc7 9. Rc1 e6 10. b4 a6 11. e3 Ne4 12. a3 Nd6 13. Ne5 Be7 14. Bd3 0-0 15. 0-0 f5 16. Qe2 Nf7 17. Nxc6 bxc6 18. f3 e5 19. e4 Qa7 20. Kh1 exd4 21. exf5 Nd8 22. Rfe1 Bh4 23. g3 Bf6 24. Nc5 a5 25. bxa5 Nb7 26. Ne6 Re8 27. Rxc6 Nxa5 28. Rc7 Nb7 29. Bb4 Qb6 30. Qc2 Na5 31. Bxa5 Qxa5 32. Rc1 Qxa3 33. Bb5 Qxf3+ 34. Qg2 Qxg2+ 35. Kxg2 Bxe6 36. Bxe8 Rxe8 37. fxe6 Rxe6 38. Rd7 Re2+ 39. Kf1 Re8 40. Rxd5 h6 41. Rc7 Rb8 42. Kg2 Rb2+ 43. Kh3 Kh7 44. Rc6 Rf2 45. Rd7 Rf5 46. Kg2 Kg8 47. g4 Ra5 48. Kf3 Ra3+ 49. Ke4 Ra2 50. h3 Ra3 51. Kf5 Ra5+ 52. Kf4 Ra3 53. h4 Bxh4 54. Rxd4 Bf6 55. Rd5 Kh7 56. Kf5 Rf3+ 57. Ke4 Rg3 58. Kf4 Rg1 1/2-1/2

[Event "Warsaw YMCA Autumn-A 174th"]
[Site "Warsaw"]
[Date "2016.09.23"]
[Round "1"]
[White "Borowy, Cezary"]
[Black "Piotrowski, Arkadiusz"]
[Result "1/2-1/2"]
[WhiteElo "2019"]
[BlackElo "1926"]
[PlyCount "77"]
[EventDate "2016.09.23"]
[EventType "tourn"]
[EventRounds "13"]
[EventCountry "POL"]
[SourceTitle "EXT 2018"]
[Source "ChessBase"]
[SourceDate "2017.10.13"]
[SourceVersion "1"]
[SourceVersionDate "2017.10.13"]
[SourceQuality "1"]

1. e4 c6 2. d4 d5 3. exd5 cxd5 4. c4 Nf6 5. Nc3 e6 6. Nf3 Be7 7. cxd5 Nxd5 8. Bc4 Nxc3 9. bxc3 0-0 10. 0-0 Qc7 11. Qd3 Nd7 12. Bb3 Rd8 13. Bc2 g6 14. Bg5 Ne5 15. Nxe5 Bxg5 16. Rad1 Bd7 17. Qg3 f6 18. f4 Bb5 19. fxg5 fxe5 20. Rf6 Bc4 21. Bb3 Bxb3 22. axb3 Rac8 23. Rxe6 exd4 24. Qxc7 Rxc7 25. cxd4 Rd5 26. h4 Rcd7 27. Re4 Rc7 28. Rf1 Rcd7 29. Rff4 Rb5 30. Re3 Rbd5 31. Rd3 a5 32. Kf2 b5 33. Ke3 a4 34. bxa4 bxa4 35. Rf2 Re7+ 36. Kd2 Ra7 37. Kc3 a3 38. Ra2 Ra4 39. g3 1/2-1/2

[Event "Warsaw YMCA Spring-A 167th"]
[Site "Warsaw"]
[Date "2016.05.13"]
[Round "6"]
[White "Piotrowski, Arkadiusz"]
[Black "Borowy, Cezary"]
[Result "1-0"]
[WhiteElo "2006"]
[BlackElo "2026"]
[PlyCount "95"]
[EventDate "2016.04.08"]
[EventType "tourn"]
[EventRounds "13"]
[EventCountry "POL"]
[SourceTitle "EXT 2017"]
[Source "ChessBase"]
[SourceDate "2016.10.25"]
[SourceVersion "1"]
[SourceVersionDate "2016.10.25"]
[SourceQuality "1"]

1. d4 Nf6 2. Nf3 c5 3. d5 e6 4. c4 b5 5. dxe6 fxe6 6. cxb5 d5 7. Bd2 Bd6 8. e3 0-0 9. Bc3 Nbd7 10. Be2 e5 11. 0-0 Bb7 12. Nbd2 Qc7 13. Ng5 Rae8 14. Nc4 dxc4 15. Bxc4+ Kh8 16. Nf7+ Rxf7 17. Bxf7 Rf8 18. Be6 Ne4 19. Bd5 Nxc3 20. bxc3 Bc8 21. Qe2 Nf6 22. Bc6 e4 23. h3 Qe7 24. f4 exf3 25. Qxf3 Qe5 26. Qf4 Qe6 27. Qf3 Qc4 28. Rac1 Qxa2 29. Ra1 Qc4 30. Rxa7 h6 31. b6 Nd7 32. Rxd7 Bxd7 33. Qxf8+ Bxf8 34. Rxf8+ Kh7 35. Bxd7 Qd5 36. Bf5+ g6 37. Bc8 Qd1+ 38. Rf1 Qe2 39. b7 Qxe3+ 40. Kh1 Qe5 41. Be6 h5 42. Bd5 h4 43. c4 Kh6 44. Rb1 Qb8 45. Rb5 Kg7 46. Rb6 g5 47. Kg1 Qg3 48. b8Q 1-0

[Event "Warsaw YMCA Spring-A 167th"]
[Site "Warsaw"]
[Date "2016.04.08"]
[Round "1"]
[White "Tychulski, Krzysztof"]
[Black "Borowy, Cezary"]
[Result "1-0"]
[WhiteElo "1887"]
[BlackElo "2026"]
[PlyCount "57"]
[EventDate "2016.04.08"]
[EventType "tourn"]
[EventRounds "13"]
[EventCountry "POL"]
[SourceTitle "EXT 2017"]
[Source "ChessBase"]
[SourceDate "2016.10.25"]
[SourceVersion "1"]
[SourceVersionDate "2016.10.25"]
[SourceQuality "1"]

1. Nf3 e6 2. c4 b6 3. g3 Bb7 4. Bg2 f5 5. 0-0 Nf6 6. Nc3 Bb4 7. Qc2 0-0 8. a3 Bxc3 9. Qxc3 d6 10. b4 Nbd7 11. Bb2 e5 12. d4 e4 13. Ng5 Qe7 14. d5 Rfc8 15. Ne6 c6 16. dxc6 Rxc6 17. Nd4 Rcc8 18. Nxf5 Qe6 19. Bh3 Kh8 20. Qd2 Rxc4 21. Qxd6 Qf7 22. Rac1 Rxc1 23. Rxc1 Qh5 24. Nxg7 Qxh3 25. Bxf6 Qh6 26. Ne8+ Nxf6 27. Qxf6+ Qxf6 28. Nxf6 Kg7 29. Rc7+ 1-0